| 000 | 00337nam a2200133Ia 4500 | ||
|---|---|---|---|
| 008 | 150202s9999 xx 000 0 und d | ||
| 020 | _a451177010 | ||
| 050 |
_aFIC _bFIC |
||
| 100 | _aGordon, Noah. | ||
| 245 |
_aShaman / _cNoah Gordon. |
||
| 260 |
_aUSA : _bSignet Books _c1992. |
||
| 300 |
_a570 pages : _c18 cm. |
||
| 650 | _aFiction. | ||
| 999 |
_c282043 _d282043 |
||